|
|
|
|
| LEADER |
01171nam#a2200337#a#4500 |
| 001 |
000966 |
| 003 |
AR-BeUNQ |
| 005 |
20171207111529.0 |
| 008 |
950628s1974####ag##################spa#d |
| 999 |
|
|
|c 3767
|d 79154
|
| 040 |
|
|
|a AR-BeUNQ
|
| 099 |
|
|
|a 30-B7
|
| 100 |
1 |
|
|a Baldrich, Amadeo
|
| 245 |
1 |
2 |
|a Historia de la guerra del Brasil :
|b Contribución al estudio razonado de la historia militar argentina /
|c Amadeo Baldrich.
|
| 250 |
|
|
|a 2a. ed.
|
| 260 |
|
|
|a Buenos Aires :
|b Eudeba,
|c 1974.
|
| 300 |
|
|
|a 472 p. ;
|c 23 cm. +
|e 1 croquis de la Batalla de Ituzaingo
|
| 490 |
1 |
|
|a Cuestiones de geopolítica
|
| 500 |
|
|
|a Incluye anexo: Documentos principales comprobatorios.
|
| 504 |
|
|
|a Bibliografía: p. 335-336.
|
| 648 |
|
4 |
|a 1811-1830
|
| 650 |
|
7 |
|a GUERRA
|2 spines
|
| 650 |
|
7 |
|a HISTORIA CONTEMPORANEA
|2 spines
|
| 651 |
|
7 |
|a ARGENTINA
|2 Spines
|
| 651 |
|
7 |
|a BRASIL
|2 Spines
|
| 651 |
|
7 |
|a URUGUAY
|2 Spines
|
| 653 |
|
|
|a HISTORIA ARGENTINA
|
| 830 |
|
|
|9 302
|a Cuestiones de geopolítica (Eudeba)
|l Español
|
| 929 |
|
|
|a COMPRA
|b Eudeba
|c Exp. 827-0207/95
|d 17,50
|e 1995
|j 11252
|
| 929 |
|
|
|a DONACION
|b Susana Fratini
|d 270,00
|e 20171026
|f PAT0068247
|g 3313
|h 2
|
| 942 |
|
|
|c LIB
|n 0
|